| 000 | 00531nam a2200193 a 4500 | ||
|---|---|---|---|
| 001 | 17516 | ||
| 003 | CO-ViMGA | ||
| 008 | 141112s2004 ck r 000 u spa d | ||
| 020 | _a8485334620 | ||
| 040 |
_aCO-ViMGA _bspa _cCO-ViMGA |
||
| 082 | 0 | 4 | _aHEIm |
| 100 | 1 |
_aHeine, Helme _924828 |
|
| 245 | 1 | 0 | _aEl maravilloso viaje a traves de la noche |
| 260 |
_aMadríd (España), _cLoguez, _c2001 |
||
| 300 | _a24.p. | ||
| 590 | _aForma de adquisición : Premio - Mincultura | ||
| 650 | 1 | 4 | _aCUENTOS INFANTILES ALEMANES |
| 942 |
_2ddc _cBK |
||
| 999 |
_c27031 _d27031 |
||